000 00515nam a2200169 4500
001 8580
005 20181127190305.0
020 0 0 _a9780443054358
090 0 0 _a614.48
100 0 0 _aGardner, Joan F.
245 0 0 _aSterilization, disinfection and infection control /
_b
_cJoan F Gardner; Margaret M Peel.
_h
250 0 0 _a3rd ed.
260 0 0 _aMelbourne ;
_bChurchill Livingstone,
_c1998.
300 0 0 _aviii, 267 pages : illustrations ; 25 cm
650 0 0 _aDISINFECTION AND DISINFECTANTS.
_x
650 0 0 _aSTERILIZATION.
_x
999 _c7433
_d7433